[Event "Louviers op 12th"]
[Site "Louviers"]
[Date "2009.05.30"]
[Round "2"]
[White "Levesque, Thomas"]
[Black "Arinal, Serge"]
[Result "1-0"]
[WhiteElo "1950"]
[BlackElo "1710"]
[PlyCount "79"]
[EventDate "2009.05.30"]
[EventType "swiss"]
[EventRounds "6"]
[EventCountry "FRA"]
[SourceTitle "EXT 2011"]
[Source "ChessBase"]
[SourceDate "2010.11.26"]
[SourceVersion "1"]
[SourceVersionDate "2010.11.26"]
[SourceQuality "1"]

1. d4 Nf6 2. c4 e6 3. Nc3 d5 4. Nf3 b6 5. Bg5 Be7 6. e3 Bb7 7. Qc2 Nbd7 8. 0-0-0 Rc8 9. Qa4 a5 10. Ne5 c6 11. Bxf6 Nxf6 12. f3 0-0 13. Qb3 c5 14. Kb1 cxd4 15. exd4 Bb4 16. Na4 dxc4 17. Bxc4 Bd5 18. Bxd5 Nxd5 19. Rc1 b5 20. Nc5 a4 21. Qd3 a3 22. Ned7 axb2 23. Kxb2 Re8 24. g3 Ra8 25. Ka1 Ra3 26. Qxb5 Bc3+ 27. Kb1 Bxd4 28. Ne4 Qa8 29. Rc2 Qa5 30. Qxa5 Rxa5 31. Kc1 Nb4 32. Rc4 Be3+ 33. Kb2 Nd3+ 34. Kc2 Ra3 35. Rd1 Nf2 36. Ra1 Nxe4 37. fxe4 f6 38. e5 Rea8 39. Rd1 Rxa2+ 40. Kb3 1-0

[Event "Louviers op 9th"]
[Site "Louviers "]
[Date "2006.04.06"]
[Round "4"]
[White "Kulhaneck, Martial"]
[Black "Arinal, Serge"]
[Result "1-0"]
[WhiteElo "1760"]
[BlackElo "1590"]
[PlyCount "81"]
[EventDate "2006.03.06"]
[EventType "swiss"]
[EventRounds "7"]
[EventCountry "FRA"]
[SourceTitle "EXT 2008"]
[Source "ChessBase"]
[SourceDate "2007.11.25"]
[SourceVersion "1"]
[SourceVersionDate "2007.11.25"]
[SourceQuality "1"]

1. d4 Nf6 2. Nf3 e6 3. Bg5 Be7 4. e3 d5 5. Bd3 c5 6. c3 Nc6 7. Nbd2 b6 8. Bb5 Bb7 9. Ne5 Rc8 10. Nef3 a6 11. Bd3 cxd4 12. exd4 b5 13. a3 Nd7 14. Bxe7 Qxe7 15. 0-0 0-0 16. Re1 Nf6 17. Ne5 Nb8 18. f4 Nbd7 19. Qf3 Rfd8 20. Qh3 Nf8 21. Re3 Qd6 22. Rae1 Re8 23. Rg3 Rc7 24. Qh4 Qe7 25. Qh6 g6 26. f5 exf5 27. Bxf5 Ne4 28. Bxe4 dxe4 29. Rge3 Qf6 30. Nxe4 Bxe4 31. Rxe4 Qf5 32. Rf4 Qc2 33. Rf2 Qb3 34. Ref1 Ree7 35. Ng4 Rc8 36. Qg5 Qe6 37. Rf6 Qe2 38. Rxa6 Rcc7 39. h3 b4 40. Qf6 Ne6 41. Nh6+ 1-0